| 000 | 00478nam a2200193 a 4500 | ||
|---|---|---|---|
| 001 | 1764131695700 | ||
| 003 | ACL | ||
| 005 | 20251126100819.0 | ||
| 008 | 251126s2002##################000#0#eng## | ||
| 020 | _a9780415273503 | ||
| 082 | 0 | 4 |
_a621.384197 _bYAK |
| 100 | 1 |
_aYakovlev, O.I., _eauthor. |
|
| 245 | 1 | 0 | _aSpace Radio Science : |
| 260 |
_bCRC Press, _c2002. |
||
| 300 | _a322 pages | ||
| 650 | 0 | _aTechnology & Engineering. | |
| 942 | _cENGLISH | ||
| 040 |
_aACL _beng _cACL |
||
| 999 |
_c598856 _d598856 |
||